000 00294nam a22001337a 4500
008 170614b xxu||||| |||| 00| 0 eng d
020 _a0393009244
041 _aeng
080 _a94(100)
100 _a19
101 _aSHH
245 _aCONF;ICTAND CRISIS
_cDONOVAN.R.J
942 _2udc
_cBK
999 _c17364
_d17364